K potlačování soukromého podnikání v Československu (ČSR) a Východním Německu (NDR) /

Hlavní autor: Dufek, Pavel, 1968-
Korporativní autor: Vysoká škola ekonomická v Praze
Další autoři: Vysoká škola ekonomická v Praze. Národohospodářská fakulta
Jazyk: Čeština
Vydáno: Praha : Oeconomica, 2005
Edice: Studie z hospodářských dějin
Témata:
Fyzický popis: 199 s. : il. ; 21 cm
Language note: Německé resumé
Knihy
Uloženo v:
LEADER 02705nam a2200661 a 4500
001 nkc20061643324
003 CZ PrNK
005 20060522171311.0
007 ta
008 060216s2005 xr a f 000 0 cze
015 |a cnb001643324 
020 |a 80-245-0991-1  |q (brož.) 
035 |a (OCoLC)85526668 
040 |a BOA001  |b cze  |d OLA001  |d ABA001 
041 0 |a cze  |b ger 
043 |a e-cs---  |a e-ge--- 
045 |a x4x6 
072 7 |a 338.3/.4  |x Hospodářská a výrobní odvětví  |2 Konspekt  |9 4 
080 |a 338(091)  |2 MRF 
080 |a 658.114  |2 MRF 
080 |a 323.28  |2 MRF 
080 |a (437)  |2 MRF 
080 |a (430.3)  |2 MRF 
080 |a (048.8)  |2 MRF 
100 1 |a Dufek, Pavel,  |d 1968-  |7 mzk2006323061  |4 aut 
245 1 0 |a K potlačování soukromého podnikání v Československu (ČSR) a Východním Německu (NDR) /  |c Pavel Dufek 
260 |a Praha :  |b Oeconomica,  |c 2005 
300 |a 199 s. :  |b il. ;  |c 21 cm 
490 1 |a Studie z hospodářských dějin ;  |v č. 15 
500 |a 200 výt. 
500 |a Nad názvem: Vysoká škola ekonomická v Praze, Fakulta národohospodářská 
504 |a Obsahuje bibliografii a bibliografické odkazy 
546 |a Německé resumé 
550 |a Vydavatel: Vysoká škola ekonomická v Praze 
648 7 |a od 1945  |7 ch601408  |2 czenas 
648 4 |a 1945-1960 
650 0 7 |a hospodářské dějiny  |7 ph114703  |z Československo  |y 1945-1960  |2 czenas 
650 0 7 |a hospodářské dějiny  |7 ph114703  |z Německá demokratická republika  |y 1945-1960  |2 czenas 
650 0 7 |a podnikání  |7 ph115766  |z Československo  |y 1945-  |2 czenas 
650 0 7 |a podnikání  |7 ph115766  |z Německá demokratická republika  |y 1945-  |2 czenas 
650 0 7 |a politická perzekuce  |7 ph124236  |z Československo  |2 czenas 
650 0 7 |a politická perzekuce  |7 ph124236  |z Německá demokratická republika  |2 czenas 
650 0 9 |a economic history  |z Czechoslovakia  |y 1945-1960  |2 eczenas 
650 0 9 |a economic history  |z Germany (East)  |y 1945-1960  |2 eczenas 
650 0 9 |a business  |z Czechoslovakia  |y 1945-  |2 eczenas 
650 0 9 |a business  |z Germany (East)  |y 1945-  |2 eczenas 
650 0 9 |a political persecution  |z Czechoslovakia  |2 eczenas 
650 0 9 |a political persecution  |z Germany (East)  |2 eczenas 
655 7 |a studie  |7 fd133597  |2 czenas 
655 9 |a studies  |2 eczenas 
710 2 |a Vysoká škola ekonomická v Praze  |7 kn20010709403 
710 2 |a Vysoká škola ekonomická v Praze.  |b Národohospodářská fakulta  |7 kn20010709401 
830 0 |a Studie z hospodářských dějin  |0 s 
910 2 |a BOA001  |b 2-1165.353 
990 |a BK 
995 |a 01 
991 |b 200603  |c NOV 
996 6 |b 2610273468  |c 2-1165.353  |l MZK  |r Sklad / do 1 hodiny  |n 3  |p p.v.  |w 000809175  |u 000010  |a 1  |e BOA001  |j MZK50  |s P